000 00819nam a22002777a 4500
003 CHAP
005 20220329141754.0
008 971013s1974 r 00010 d
010 _a73565
011 _a74537
035 _a84096
040 _cCHAP
082 _a036
_bG3 1988
100 0 0 _aGarcía-Pelayo y Gross, Ramón.
_946826
245 _aDiccionario Larousse usual
260 _aParis :
_bLarousse,
_c1974
300 _a836 p.
_b: ilus. ; mapas
590 _aBATCH-UPD
_b10
_c20130110
_lUCH01
_h1834
590 _aBATCH-UPD
_b10
_c20130410
_lUCH01
_h1205
590 _aBATCH-UPD
_b10
_c20130914
_lUCH01
_h1305
590 _aCONVERSION
_b10
_c20130109
_lUCH01
_h1340
650 1 4 _aEnciclopedias y diccionarios.
_936750
901 _aBK
942 _cLIBRO
949 _a036 G3 1988
_bBC
_cC
_d-39237
_eB
_h38644
_i84096
_si
999 _c73565
_d73565